NIGERIAN TAXATION JOURNAL OF CHARTERED INSTITUTE OF TAXATION (Record no. 43925)

MARC details
003 - CONTROL NUMBER IDENTIFIER
control field 436103
005 - DATE AND TIME OF LATEST TRANSACTION
control field 20251021194919.0
008 - FIXED-LENGTH DATA ELEMENTS--GENERAL INFORMATION
fixed length control field 251021b |||||||| |||| 00| 0 eng d
022 ## - INTERNATIONAL STANDARD SERIAL NUMBER
International Standard Serial Number 11186917
040 ## - CATALOGING SOURCE
Transcribing agency Nile University of Nigeria, Abuja.
Description conventions rda
050 ## - LIBRARY OF CONGRESS CALL NUMBER
Classification number K 60 .N5
082 ## - DEWEY DECIMAL CLASSIFICATION NUMBER
Classification number K 60 .N5
245 ## - TITLE STATEMENT
Title NIGERIAN TAXATION JOURNAL OF CHARTERED INSTITUTE OF TAXATION
250 ## - EDITION STATEMENT
Edition statement vol.12, No2,2014
260 ## - PUBLICATION, DISTRIBUTION, ETC. (IMPRINT)
Place of publication, distribution, etc Lagos
Name of publisher, distributor, etc Citn Press
Date of publication, distribution, etc 2014
264 ## - PUBLICATION, DISTRIBUTION, ETC. (IMPRINT)
Place of publication, distribution, etc Lagos
Name of publisher, distributor, etc Citn Press
Date of publication, distribution, etc 2014
300 ## - PHYSICAL DESCRIPTION
Other physical details v, 69pg., 24 cm
336 ## - CONTENT TYPE
Source rdacontent
338 ## - CARRIER TYPE
Source rdacarrier
942 ## - ADDED ENTRY ELEMENTS (KOHA)
Source of classification or shelving scheme Library of Congress Classification
Koha item type JOURNALS
Holdings
Withdrawn status Lost status Source of classification or shelving scheme Damaged status Not for loan Permanent Location Current Location Shelving location Date acquired Total Checkouts Date last seen Price effective from Koha item type
    Library of Congress Classification     Law Library Law Library Items on shelf 10/21/2025   10/21/2025 10/21/2025 JOURNALS
    Library of Congress Classification     Law Library Law Library Items on shelf 10/21/2025   10/21/2025 10/21/2025 JOURNALS
    Library of Congress Classification     Law Library Law Library Items on shelf 10/21/2025   10/21/2025 10/21/2025 JOURNALS